000 00396nam a22001697a 4500
003 MPLRDC
005 20220104143116.0
008 210129b ||||| |||| 00| 0 eng d
082 _a870.57 LDS
100 _a德莱塞著; 许汝祉译
245 _a堡垒
_c
260 _a
_b新月出版社
_c1961
300 _b
490 _a世界文学译丛
650 _a
942 _cBK
_o870.57 LDS
999 _c36698
_d36688